[Event "DEM U12 2017"]
[Site "Willingen GER"]
[Date "2017.06.04"]
[Round "1"]
[White "Tran, Minh Dat"]
[Black "Schauties, Nico Antonio"]
[Result "0-1"]
[Termination "normal"]
[Board "25"]
[WhiteElo "1403"]
[BlackElo "1711"]
[PlyCount "108"]
[WhiteFideId "16244702"]
[BlackFideId "16206371"]
[EventCountry "GER"]
[EventRounds "11"]
[EventType "swiss"]
[EventDate "2017.06.03"]

1. e4 e6 2. d4 d5 3. exd5 exd5 4. Nf3 Bd6 5. Nc3 c6 6. Be2 Bf5 7. O-O Ne7 8.
Re1 O-O 9. Bd3 Bxd3 10. Qxd3 Qc7 11. g3 Nd7 12. Bd2 Rfe8 13. Re2 Nf8 14. Rae1
Ne6 15. Ng5 Nxg5 16. Bxg5 f6 17. Bd2 Qd7 18. Qf3 Qh3 19. Qg2 Qxg2+ 20. Kxg2 Kf7
21. Re6 Bc7 22. f4 Nf5 23. Rxe8 Rxe8 24. Rxe8 Kxe8 25. Ne2 Bb6 26. c3 Nd6 27.
b3 Ne4 28. Be1 Ba5 29. b4 Bd8 30. Kf3 f5 31. h3 Kf7 32. g4 Ke6 33. g5 Kf7 34.
Bh4 Kg6 35. Be1 h6 36. h4 a5 37. a3 Nd6 38. Ng3 hxg5 39. hxg5 Nc4 40. a4 Nb2
41. Ne2 Nxa4 42. Nc1 axb4 43. cxb4 Nb2 44. Bc3 Nc4 45. Nd3 Kf7 46. Nc5 b6 47.
Nd7 Ke7 48. Ne5 Kd6 49. Nf7+ Kc7 50. Nxd8 Kxd8 51. Kg3 Nd6 52. Bb2 Kc7 53. Kf3
Kb7 54. Ke3 Nc4+ 0-1

[Event "DEM U12 2017"]
[Site "Willingen GER"]
[Date "2017.06.04"]
[Round "1"]
[White "Breß, Aaron"]
[Black "Lauterbach, Kolja"]
[Result "0-1"]
[Termination "normal"]
[Board "26"]
[WhiteElo "1745"]
[BlackElo "1358"]
[PlyCount "132"]
[WhiteFideId "12996432"]
[BlackFideId "16235916"]
[EventCountry "GER"]
[EventRounds "11"]
[EventType "swiss"]
[EventDate "2017.06.03"]

1. e4 e5 2. Nf3 Nc6 3. Bb5 Nf6 4. O-O d6 5. h3 Be7 6. Re1 O-O 7. c3 a6 8. Ba4
b5 9. Bc2 Bb7 10. d3 Re8 11. Nbd2 Nh5 12. Nf1 Nf4 13. Ng3 Bf6 14. Be3 d5 15.
Qd2 Ng6 16. exd5 Qxd5 17. Ne4 Qd8 18. Nxf6+ Qxf6 19. Bg5 Qd6 20. Re2 f6 21. Be3
Rad8 22. b4 Qe7 23. Bc5 Qf7 24. Bb3 Re6 25. Bxe6 Qxe6 26. Rae1 Nce7 27. Bxe7
Qxe7 28. Qe3 Nf4 29. Rd2 Qf7 30. Nh4 Qh5 31. Qg3 g5 32. Nf3 Nxh3+ 33. Qxh3 Qxh3
34. gxh3 Bxf3 35. Ra1 Bb7 36. a4 c6 37. a5 Bc8 38. Kg2 Bf5 39. Rad1 g4 40. h4
h5 41. d4 Be4+ 42. Kf1 exd4 43. Rxd4 Rd5 44. Re1 f5 45. Rxd5 cxd5 46. Ke2 f4
47. Rf1 f3+ 48. Ke3 Kf7 49. Kd4 Ke7 50. Kc5 Ke6 51. Kb6 Kd6 52. Kxa6 Bd3 53.
Rg1 Kc6 54. Ka7 Kc7 55. a6 Be4 56. Ra1 Bd3 57. Rd1 Be2 58. Re1 g3 59. fxg3 f2
60. Ra1 f1=Q 61. Rxf1 Bxf1 62. Ka8 Bh3 63. Ka7 Bc8 64. Ka8 Bxa6 65. g4 hxg4 66.
h5 Bc8 0-1

[Event "DEM U12 2017"]
[Site "Willingen GER"]
[Date "2017.06.04"]
[Round "1"]
[White "Chassard, Cedric"]
[Black "Farokhi, Keyvan"]
[Result "1-0"]
[Termination "normal"]
[Board "27"]
[WhiteElo "1290"]
[BlackElo "1735"]
[PlyCount "147"]
[WhiteFideId "16243536"]
[BlackFideId "12998630"]
[EventCountry "GER"]
[EventRounds "11"]
[EventType "swiss"]
[EventDate "2017.06.03"]

1. e4 c5 2. Bc4 Nc6 3. Nf3 g6 4. d4 cxd4 5. Nxd4 Bg7 6. c3 Nxd4 7. cxd4 Qb6 8.
Qf3 e6 9. d5 Qb4+ 10. Nd2 Bxb2 11. Rb1 Qe7 12. Bxb2 f6 13. dxe6 dxe6 14. Bb5+
Kf7 15. Qa3 Qd8 16. Nf3 Ne7 17. O-O Rg8 18. Qc3 Nc6 19. Rfd1 Qe7 20. Rbc1 Bd7
21. Ba3 Qe8 22. Bb2 Qe7 23. Qc5 Rac8 24. Qxe7+ Kxe7 25. h3 a6 26. Be2 e5 27.
Ba3+ Ke8 28. Bc4 Rg7 29. Rb1 b5 30. Be2 f5 31. Bd3 Kf7 32. Bxb5 Kf6 33. Rd6+
Be6 34. Bxc6 fxe4 35. Bxe4 Re8 36. Bb2 Ke7 37. Bxe5 Rf7 38. Rb7+ Kf8 39. Rxf7+
Bxf7 40. Rf6 Kg8 41. Rxa6 Rc8 42. Ra5 Kf8 43. Ra8 Rxa8 44. Bxa8 Bxa2 45. Be4
Bc4 46. Kh2 Bf7 47. Ng5 Bg8 48. h4 h6 49. Bxg6 hxg5 50. hxg5 Ke7 51. Bf6+ Kf8
52. Kh3 Be6+ 53. Kh4 Kg8 54. Ba1 Bd5 55. g4 Bf3 56. Bf5 Bd5 57. g6 Bc4 58. Kh5
Bd5 59. Kh6 Bf7 60. gxf7+ Kxf7 61. Bh7 Kf8 62. g5 Ke7 63. g6 Kf8 64. g7+ Ke7
65. g8=Q Kd7 66. Qg6 Kc7 67. Kg5 Kb7 68. Kf5 Kc7 69. Ke5 Kb7 70. Kd5 Kc7 71.
Qc6+ Kb8 72. Qd7 Ka8 73. Kc6 Kb8 74. Qb7# 1-0

[Event "DEM U12 2017"]
[Site "Willingen GER"]
[Date "2017.06.04"]
[Round "1"]
[White "Rössel, Gino"]
[Black "Kühn, Antoni"]
[Result "1-0"]
[Termination "normal"]
[Board "28"]
[WhiteElo "1714"]
[BlackElo "940"]
[PlyCount "51"]
[WhiteFideId "16203070"]
[BlackFideId "16244710"]
[EventCountry "GER"]
[EventRounds "11"]
[EventType "swiss"]
[EventDate "2017.06.03"]

1. e4 e5 2. Nf3 Nc6 3. Bb5 Nf6 4. O-O Bc5 5. Re1 O-O 6. c3 Re8 7. d3 a6 8. Ba4
b5 9. Bb3 d5 10. exd5 Nxd5 11. d4 exd4 12. Rxe8+ Qxe8 13. Bxd5 Bb7 14. cxd4 Bd6
15. Ng5 Nd8 16. Bxb7 Nxb7 17. Be3 Qe7 18. Qc2 g6 19. Qe4 Qxe4 20. Nxe4 Re8 21.
Nf6+ Kf8 22. Nxe8 Kxe8 23. Nc3 b4 24. Ne4 Na5 25. Nxd6+ cxd6 26. b3 1-0